Controle su ira antes de que ella le controle a usted (Registro nro. 1783)
[ vista simple ]
| 000 -CABECERA | |
|---|---|
| campo de control de longitud fija | 00554aam a2200217 4500 |
| 005 - FECHA Y HORA DE ACTUALIZACIÓN | |
| campo de control | 20220608185354.0 |
| 008 - LONGITUD FIJA | |
| campo de control de longitud fija | 150715b xxu||||| |||| 00| 0 spa d |
| 041 ## - IDIOMA | |
| Código de idioma del texto/pista de sonido o título separado | |
| 082 ## - CLASIFICACIÓN DECIMAL DEWEY | |
| Número de clasificación | 152.47 E52c |
| 100 ## - AUTOR PERSONAL | |
| Nombre de persona | Ellis,Albert |
| 100 ## - AUTOR PERSONAL | |
| Nombre de persona | Chip Tafrate,Raymond |
| 245 ## - TÍTULO PROPIAMENTE DICHO | |
| Título | Controle su ira antes de que ella le controle a usted |
| 260 ## - PIE DE IMPRENTA | |
| Lugar de publicación, distribución, etc. | Español |
| 260 ## - PIE DE IMPRENTA | |
| Nombre del editor, distribuidor, etc. | Paidos |
| 260 ## - PIE DE IMPRENTA | |
| Fecha de publicación, distribución, etc. | 1999 |
| 300 ## - DESCRIPCIÓN FÍSICA | |
| Extensión | 215 páginas |
| 650 ## - Materia General | |
| Materia general | EMOCIONES |
| 650 ## - Materia General | |
| Materia general | IRA |
| 650 ## - Materia General | |
| Materia general | TERAPIA RACIONAL |
| 942 ## - Punto de Acceso Adicional Koha | |
| Tipo de ítem Koha | Libro |
| Estado perdido | Estado dañado | No para préstamo | Biblioteca permanente | Biblioteca actual | Signatura completa | Código de barras | Tipo de ítem |
|---|---|---|---|---|---|---|---|
| Departamento de Biblioteca y Documentación Alfonso Chase Brenes | Departamento de Biblioteca y Documentación Alfonso Chase Brenes | 152.47 E52c | 5620 | Libro |